Manuel de théologie ascétique, ou, La vie surnaturelle de l'ame sur la terre et dans le ciel / R. P. Arthur Devine passioniste auteur du "Credo expliqué" de "La vie monastique", etc. ; ouvrage traduit de l'anglais avec l'autorisation de l'auteur par l'abbé C. Maillet ancien professeur d'anglais approuvé par S. G. Monseigneur l'evêque de Belley

Detalles Bibliográficos
Autor principal: Devine, Arthur, 1849-1919
Formato: Libro
Lenguaje:French
Publicado: Avignon : Aubanel frères, éditeurs, s.a.
Materias:
Colección:Banco de datos
Acervo:Seminario Conciliar de Nuestra Señora de Guadalupe Querétaro. Qro.. Biblioteca Florencio Rosas. Fondo Histórico
Descripción Física:XXXI, 714 p., [2] h. ; 19 cm.
Tema general:Teología mística
Ascética
Notas:Texto con signaturas y notas a pie de página. Encuadernación editorial en tela
LEADER 01087nam a22002050004500
035 |a 2557 
041 0 |a fre 
100 1 |a Devine, Arthur, 1849-1919 
245 1 0 |a Manuel de théologie ascétique, ou, La vie surnaturelle de l'ame sur la terre et dans le ciel / R. P. Arthur Devine passioniste auteur du "Credo expliqué" de "La vie monastique", etc. ; ouvrage traduit de l'anglais avec l'autorisation de l'auteur par l'abbé C. Maillet ancien professeur d'anglais approuvé par S. G. Monseigneur l'evêque de Belley 
260 |a Avignon : Aubanel frères, éditeurs, s.a. 
300 |a XXXI, 714 p., [2] h. ; 19 cm.  
500 |a Texto con signaturas y notas a pie de página. Encuadernación editorial en tela 
504 |a Incluye índice de contenido 
650 1 0 |a Teología mística 
650 1 0 |a Ascética 
740 0 |a La vie surnaturelle de l'ame sur la terre et dans le ciel 
949 |a Fondo Histórico: 6460 
942 |c Q.R.H.T 
943 |g Seminario Conciliar de Nuestra Señora de Guadalupe Querétaro. Qro.. Biblioteca Florencio Rosas. Fondo Histórico 
999 |c 1084012  |d 1084012